[Event "Roncana op-C 10th"]
[Site "Santa Eulalia de Roncana"]
[Date "2016.10.15"]
[Round "4"]
[White "Escos Batalla, Victor"]
[Black "Vallejo Ferreira, Tiago"]
[Result "1-0"]
[WhiteElo "1443"]
[BlackElo "1240"]
[PlyCount "23"]
[EventDate "2016.09.24"]
[EventType "swiss"]
[EventRounds "8"]
[EventCountry "ESP"]
[SourceTitle "EXT 2022"]
[Source "ChessBase"]
[SourceDate "2021.10.06"]
[SourceVersion "1"]
[SourceVersionDate "2021.10.06"]
[SourceQuality "1"]

1. e4 e5 2. Qg4 Nf6 3. Qf5 g6 4. Qxe5+ Be7 5. Nf3 0-0 6. Bc4 d6 7. Qg5 h6 8. Qxh6 Ng4 9. Qh3 Qd7 10. b3 b5 11. Bb2 Bb7 12. Qh8# 1-0

[Event "Roncana op-C 10th"]
[Site "Santa Eulalia de Roncana"]
[Date "2016.09.24"]
[Round "1"]
[White "Vallejo Ferreira, Tiago"]
[Black "Lajarin Rallo, Oscar"]
[Result "0-1"]
[WhiteElo "1240"]
[BlackElo "1500"]
[PlyCount "48"]
[EventDate "2016.09.24"]
[EventType "swiss"]
[EventRounds "8"]
[EventCountry "ESP"]
[SourceTitle "EXT 2018"]
[Source "ChessBase"]
[SourceDate "2017.10.13"]
[SourceVersion "1"]
[SourceVersionDate "2017.10.13"]
[SourceQuality "1"]

1. e4 e5 2. Nc3 Nf6 3. f4 Nc6 4. Nf3 Bc5 5. Qe2 Nb4 6. Qd1 d6 7. d3 0-0 8. Bd2 Ng4 9. Rg1 Bxg1 10. Qe2 Nxc2+ 11. Kd1 Nxa1 12. Nxg1 Nxh2 13. Nb1 Bg4 14. Qxg4 Nxg4 15. Nc3 Nf2+ 16. Ke2 Qh4 17. Be3 Qg4+ 18. Ke1 exf4 19. Bc1 Nxd3+ 20. Kd2 Nxc1 21. Kxc1 Qg5 22. Bc4 f3+ 23. Kb1 f2 24. Nge2 f1Q+ 0-1